Планирование и управление дискретным производством (Запись № 10838374)
[ простой вид ]
| 000 -МАРКЕР | |
|---|---|
| контрольное поле | 01587nam0a2200325 i 4500 |
| 001 - ИДЕНТИФИКАТОР ЗАПИСИ | |
| контрольное поле | RU\NLR\BIBL_A\011274618 |
| 005 - ИДЕНТИФИКАТОР ВЕРСИИ | |
| контрольное поле | 20241103043232.0 |
| 010 ## - МЕЖДУНАРОДНЫЙ СТАНДАРТНЫЙ НОМЕР КНИГИ (ISBN) | |
| Номер (ISBN) | 9785763834949 |
| Тираж | 500 |
| 021 ## - НОМЕР ГОСУДАРСТВЕННОЙ РЕГИСТРАЦИИ | |
| Код страны | российская федерация |
| Номер | 2016-84383 |
| Номер Листа государственной регистраци | 5514 |
| 035 ## - ДРУГИЕ СИСТЕМНЫЕ НОМЕРА | |
| Идентификатор записи | (NLR Aleph) 011274618 |
| 100 ## - ДАННЫЕ ОБЩЕЙ ОБРАБОТКИ | |
| Данные общей обработки | 20161118d2016 k y0rusy50 ca |
| 101 0# - ЯЗЫК РЕСУРСА | |
| Язык текста, звукозаписи и т.д. | русский |
| 102 ## - СТРАНА ПУБЛИКАЦИИ ИЛИ ПРОИЗВОДСТВА | |
| Страна публикации | российская федерация |
| 105 ## - ПОЛЕ КОДИРОВАННЫХ ДАННЫХ: ТЕКСТОВЫЕ МАТЕРИАЛЫ, МОНОГРАФИЧЕСКИЕ | |
| Кодированные данные о монографическом текстовом документе | a z 000zy |
| 200 1# - ЗАГЛАВИЕ И СВЕДЕНИЯ ОБ ОТВЕТСТВЕННОСТИ | |
| Основное заглавие | Планирование и управление дискретным производством |
| Сведения, относящиеся к заглавию | монография |
| Первые сведения об ответственности | Д.В. Капулин, Р.Ю. Царев, Е.Е. Носкова, А.С. Черниговский |
| Последующие сведения об ответственности | М-во образования и науки Рос. Федерации, Сибир. федер. ун-т |
| 210 ## - ПУБЛИКАЦИЯ, РАСПРОСТРАНЕНИЕ И ДР. | |
| Место издания, распространения и т.д. | Красноярск |
| Имя издателя, распространителя и т. д. | СФУ |
| Дата издания, распространения и т.д. | 2016 |
| 215 ## - ФИЗИЧЕСКАЯ ХАРАКТЕРИСТИКА | |
| Специфическое обозначение материала и объем | 193 с. |
| Другие сведения о физической характеристике | ил. |
| Размеры | 20 |
| 320 ## - ПРИМЕЧАНИЯ О НАЛИЧИИ В ДОКУМЕНТЕ БИБЛИОГРАФИИ / УКАЗАТЕЛЯ | |
| Текст примечания | Библиогр.: с. 191-193 (38 назв.) |
| 606 ## - НАИМЕНОВАНИЕ ТЕМЫ КАК ПРЕДМЕТ | |
| Наименование темы | Проекты |
| Тематический подзаголовок | Управление |
| -- | Сетевые методы |
| Системный номер авторитетной/нормативной записи | 2081410 |
| Идентификатор авторитетной/нормативной записи | RU\NLR\AUTH\661257390 |
| 686 1# - ИНДЕКСЫ ДРУГИХ КЛАССИФИКАЦИЙ | |
| Индекс | У21(2)2 |
| 686 1# - ИНДЕКСЫ ДРУГИХ КЛАССИФИКАЦИЙ | |
| Индекс | У31(2)-21 |
| 701 #1 - ИМЯ ЛИЦА - АЛЬТЕРНАТИВНАЯ ОТВЕТСТВЕННОСТЬ | |
| Начальный элемент ввода | Капулин |
| Часть имени, кроме начального элемента ввода | Д. В. |
| Дополнения к именам, кроме дат | канд. техн. наук |
| Расширение инициалов личного имени | Денис Владимирович |
| Системный номер авторитетной/нормативной записи | 179272 |
| Идентификатор авторитетной/нормативной записи | RU\NLR\AUTH\770179323 |
| 701 #1 - ИМЯ ЛИЦА - АЛЬТЕРНАТИВНАЯ ОТВЕТСТВЕННОСТЬ | |
| Графика поля | Кириллица |
| Материалы, к которым относится поле | rus |
| Начальный элемент ввода | Царёв |
| Часть имени, кроме начального элемента ввода | Р. Ю. |
| Дополнения к именам, кроме дат | д-р техн. наук |
| Расширение инициалов личного имени | Роман Юрьевич |
| Системный номер авторитетной/нормативной записи | 164739 |
| Идентификатор авторитетной/нормативной записи | RU\NLR\AUTH\770164783 |
| 701 #1 - ИМЯ ЛИЦА - АЛЬТЕРНАТИВНАЯ ОТВЕТСТВЕННОСТЬ | |
| Начальный элемент ввода | Носкова |
| Часть имени, кроме начального элемента ввода | Е. Е. |
| Дополнения к именам, кроме дат | канд. техн. наук |
| Расширение инициалов личного имени | Елена Евгеньевна |
| Системный номер авторитетной/нормативной записи | 179277 |
| Идентификатор авторитетной/нормативной записи | RU\NLR\AUTH\770179328 |
| 701 #1 - ИМЯ ЛИЦА - АЛЬТЕРНАТИВНАЯ ОТВЕТСТВЕННОСТЬ | |
| Начальный элемент ввода | Черниговский |
| Часть имени, кроме начального элемента ввода | А. С. |
| Расширение инициалов личного имени | Алексей Сергеевич |
| 942 ## - ДОПОЛНИТЕЛЬНЫЕ ЭЛЕМЕНТЫ ЗАПИСИ (АБИС) | |
| Тип экземпляра АБИС | Книга |
| 980 ## - КОЛЛЕКЦИЯ | |
| Название коллекции | НБР |
Нет доступных экземпляров.